000 00413nam a22001697a 4500
003 OSt
005 20260318145454.0
008 260318b |||||||| |||| 00| 0 Pun d
020 _a9788182991330
040 _cBGL
100 _aਪ੍ਰੀਤਮ ਅੰਮ੍ਰਿਤਾ
245 _aਪਿੰਜਰ
260 _adelhi
_bAarshi Publishers
_c2022
300 _a128p
650 _aPunjabi
942 _2ddc
_cGB
999 _c44305
_d44305